| 000 | 00596cam a22002173a 4500 | ||
|---|---|---|---|
| 001 | 33441 | ||
| 003 | PGUSA | ||
| 005 | 20140828083725.0 | ||
| 008 | 100815s2010||||xxu|||||s|||||000 | eng d | ||
| 040 |
_aPGUSA _beng |
||
| 042 | _adc | ||
| 100 | 1 |
_aBramston, James, _d1693-1744 |
|
| 245 | 1 | 4 |
_aThe Man of Taste _h[electronic resource] / _cJames Bramston |
| 260 |
_bProject Gutenberg, _c2010 |
||
| 506 | _aPublic domain in the USA. | ||
| 516 | _aElectronic text | ||
| 700 | 1 | _aLock, F. P. | |
| 830 | 0 |
_aProject Gutenberg _v33441 |
|
| 856 | 4 | 0 | _uhttp://www.gutenberg.org/ebooks/33441 |
| 942 | _cEB | ||
| 999 |
_c262696 _d262696 |
||